[Event "Dewan Astana Karnival op"]
[Site "Dewan Astana"]
[Date "2015.07.31"]
[Round "4"]
[White "Mohd, Hazzafri Mohd Hazan"]
[Black "Muhammad, Ali Chor"]
[Result "1/2-1/2"]
[WhiteElo "1758"]
[BlackElo "1757"]
[PlyCount "30"]
[EventDate "2015.07.29"]
[EventType "swiss"]
[EventRounds "7"]
[EventCountry "MAS"]
[SourceTitle "EXT 2017"]
[Source "ChessBase"]
[SourceDate "2016.10.25"]
[SourceVersion "1"]
[SourceVersionDate "2016.10.25"]
[SourceQuality "1"]

1. e4 d6 2. Nc3 Nf6 3. d4 g6 4. f4 Bg7 5. Nf3 c5 6. Bb5+ Bd7 7. e5 Ng4 8. e6 fxe6 9. Ng5 Bxb5 10. Nxe6 Bxd4 11. Nxd8 Bf2+ 12. Kd2 Be3+ 13. Ke1 Bf2+ 14. Kd2 Be3+ 15. Ke1 Bf2+ 1/2-1/2

[Event "Dewan Astana Karnival op"]
[Site "Dewan Astana"]
[Date "2015.07.31"]
[Round "5"]
[White "Muhammad, Ali Chor"]
[Black "Abdul Rahman, M Sapuan"]
[Result "1/2-1/2"]
[WhiteElo "1757"]
[BlackElo "1607"]
[PlyCount "23"]
[EventDate "2015.07.29"]
[EventType "swiss"]
[EventRounds "7"]
[EventCountry "MAS"]
[SourceTitle "EXT 2017"]
[Source "ChessBase"]
[SourceDate "2016.10.25"]
[SourceVersion "1"]
[SourceVersionDate "2016.10.25"]
[SourceQuality "1"]

1. e4 e6 2. d4 d5 3. Nc3 dxe4 4. Nxe4 Nd7 5. Nf3 Ngf6 6. Bd3 Nxe4 7. Bxe4 Nf6 8. Bd3 c5 9. 0-0 cxd4 10. Nxd4 Be7 11. Re1 0-0 12. Bf4 1/2-1/2